| 000 | 00636nam a2200277Ia 4500 | ||
|---|---|---|---|
| 008 | 181129s9999 xx 000 0 und d | ||
| 020 | _a9780439204200 | ||
| 050 | _bC237 2000 | ||
| 100 | _aCapeci, Anne | ||
| 245 | 4 | _aThe giant germ / | |
| 245 | 0 | _cby Anne Capeci. | |
| 260 | _aNew York, NY : | ||
| 260 | _bScholastic, | ||
| 260 | _c2000 | ||
| 300 | _a76 pages : | ||
| 300 | _billustrations ; | ||
| 300 | _c19cm. | ||
| 440 | _aThe magical school bus ; | ||
| 440 | _v6 | ||
| 500 | _a660L | ||
| 650 | _aBacteria. | ||
| 650 | _aMicrobiology. | ||
| 650 | _aMicroorganisms. | ||
| 700 | _aSeries. | ||
| 700 | _aTitle. | ||
| 999 |
_c360046 _d360046 |
||